| 000 | 00475nam a22002177a 4500 | ||
|---|---|---|---|
| 003 | UA-OsUOA | ||
| 001 | 64437 | ||
| 007 | ta | ||
| 008 | 20091104b un ||||| |||| 00| 0 ukr d | ||
| 090 |
_a37.02 _bП24 |
||
| 942 | _cBK | ||
| 040 |
_aUA-OsUOA _brus _cUA-OsUOA _dUA-OsUOA |
||
| 245 | _aПедагогика | ||
| 300 | _a461 с. | ||
| 955 | _a2 | ||
| 041 | _arus | ||
| 080 | _a37.02 | ||
| 260 |
_aМ. _bПросвещение _c1948 |
||
| 650 | 7 | _2UDC | |
| 999 |
_c350538 _d350538 |
||